Statistics for Lorde Charting Songs (Billboard Hot Rock)

Click here to take the quiz!

General Stats

  • This quiz has been taken 8 times
  • The average score is 19 of 27

Answer Stats

AlbumWeeks OnPeakArtist(s)Song% Correct
Pure Heroine20 Weeks#26LordeRibs
100%
Pure Heroine52 Weeks#1LordeRoyals
100%
Solar Power16 Weeks#6LordeSolar Power
100%
Solar Power4 Weeks#18LordeStoned at the Nail Salon
100%
Pure Heroine52 Weeks#2LordeTeam
100%
The Hunger Games:
Mockingjay, Part 1
20 Weeks#3LordeYellow Flicker Beat
100%
Solar Power1 Week#27LordeCalifornia
88%
Solar Power1 Week#31LordeFallen Fruit
88%
Solar Power5 Weeks#11LordeMood Ring
88%
Pure Heroine41 Weeks#9LordeTennis Court
88%
Solar Power1 Week#25LordeThe Path
88%
Pure Heroine17 Weeks#38LordeA World Alone
75%
Pure Heroine29 Weeks#9LordeGlory and Gore
75%
The Love Club EP8 Weeks#29LordeBravado
63%
Pure Heroine20 Weeks#29LordeBuzzcut Season
63%
Solar Power1 Week#44LordeDominoes
63%
The Hunger Games:
Catching Fire
18 Weeks#27LordeEverybody Wants to Rule the World
63%
Solar Power1 Week#46LordeOceanic Feeling
63%
Solar Power1 Week#30LordeSecrets from a Girl (Who's Seen It All)
63%
The Love Club EP18 Weeks#18LordeThe Love Club
63%
Pure Heroine20 Weeks#20Lorde400 Lux
50%
Solar Power1 Week#45LordeBig Star
50%
The Love Club EP7 Weeks#29LordeMillion Dollar Bills
50%
Solar Power1 Week#43LordeThe Man With the Axe
50%
Pure Heroine20 Weeks#33LordeWhite Teeth Teens
50%
The Hunger Games:
Mockingjay, Part 1
1 Week#43LordeLadder Song
13%
Pure Heroine3 Weeks#45LordeStill Sane
13%

Score Distribution

Percentile by Number Answered

Percent of People with Each Score

Your Score History

You have not taken this quiz